000 00575nam a2200181Ia 4500
005 20250508155527.0
008 008 250505s9999 xx 000 0 eng d
037 _aTextual
040 _aFEDL
_beng
_cFEDL
041 _aeng
_2eng
084 _a973, BRO
_qFEDL
100 _aBrooks Emerson M
_9767085
245 0 _aGrowth of a nation: A pictorial review of the United States of America from colonial days to the present
260 _aNew York, USA
_bE P Dutton and Company
_c1956
300 _a320p.
942 _cTEXL
_h973, BRO
999 _c1357443
_d1357443